Gemeinden von St. Johann im Pongau - Statistiken

Allgemein
  • Dieses Quiz wurde 359 mal gespielt
  • Das Durchschnittsergebnis liegt bei 20 aus 25
Antworten auf der Karte
Die Antworten werden auf der Karte rot bzw. grün angezeigt, abhängig davon wie oft sie richtig erraten wurden.
 
Antwortstatistiken
Einwohner Gemeinde % Korrekt
11.331 St. Johann im Pongau
100%
10.544 Bischofshofen
94%
4.487 Altenmarkt im Pongau
88%
2.924 Flachau
88%
3.961 Bad Gastein
87%
3.028 Werfen
87%
6.816 Bad Hofgastein
86%
4.878 Radstadt
85%
808 Kleinarl
84%
3.774 Großarl
83%
2.551 Eben im Pongau
82%
3.463 Schwarzach im Pongau
82%
3.881 St. Veit im Pongau
82%
3.116 Wagrain
81%
1.638 Dorfgastein
78%
2.511 Pfarrwerfen
77%
1.064 Werfenweng
75%
1.511 Filzmoos
73%
1.465 Hüttau
69%
1.444 Mühlbach am Hochkönig
68%
912 Hüttschlag
66%
2.558 Goldegg im Pongau
65%
462 Untertauern
58%
1.718 St. Martin am Tennengebirge
57%
547 Forstau
56%
Keine übereinstimmenden Quizze gefunden
Verteilung der Resultate
Anzahl Personen mit jedem Resultat
Perzentil nach korrekt beantworteten Fragen
Ihre Resultats-Entwicklung
Sie haben dieses Quiz noch nicht gespielt